|
|
|
|
| LEADER |
01010nam a2200361 4500 |
| 001 |
DLU100113754 |
| 005 |
##20101201 |
| 008 |
##040701s2006 cauab 001 0 eng d |
| 010 |
# |
# |
|a 2004109840
|
| 020 |
# |
# |
|a 0534384781
|
| 035 |
# |
# |
|a (OCoLC)ocm58464458
|
| 040 |
# |
# |
|a BGU
|c BGU
|d DLC
|
| 042 |
# |
# |
|a lccopycat
|
| 050 |
# |
# |
|a QA76.9.C65
|b M347 2006
|
| 082 |
# |
# |
|a 511.8
|b MA-D
|
| 100 |
# |
# |
|a Maki, Daniel P.
|
| 245 |
# |
# |
|a Mathematical modeling and computer simulation /
|c Daniel P. Maki, Maynard Thompson.
|
| 260 |
# |
# |
|a Southbank, Victoria ; Belmont, CA :
|b Thomson Brooks/Cole,
|c c2006.
|
| 300 |
# |
# |
|a xvi, 285 p. :
|b ill., maps ;
|c 25 cm.
|
| 500 |
# |
# |
|a Includes index.
|
| 650 |
# |
# |
|a Computer simulation.
|
| 650 |
# |
# |
|a Mathematical models.
|
| 700 |
# |
# |
|a Thompson, Maynard.
|
| 923 |
# |
# |
|a 12/2010
|
| 992 |
# |
# |
|a 3255525
|
| 994 |
# |
# |
|a DLU
|
| 900 |
# |
# |
|a True
|
| 911 |
# |
# |
|a Đào Thị Thu Huyền
|
| 925 |
# |
# |
|a G
|
| 926 |
# |
# |
|a A
|
| 927 |
# |
# |
|a SH
|
| 980 |
# |
# |
|a Thư viện Trường Đại học Đà Lạt
|